000 00298nam a22001337a 4500
008 181203b xxu||||| |||| 00| 0 eng d
020 _a9781594770425
041 _aeng
080 _a530
100 _a43
101 _aFIZ
245 _aScience and the Akashic Field
_cLaszlo,E
942 _2udc
_cBK
999 _c52728
_d52728